000 00630nam a2200229Ia 4500
003 OSt
005 20220924120302.0
006 a|||||r|||| 00| 0
007 ta
008 220923b |||||||| |||| 00| 0 urd d
024 _a322299
037 _cTextual
040 _aARTS
_cARTS
_burd
041 _2urd
_aurd
082 _aT4w2,N4, 168K8
100 _aNurani Ameer Hasan Au.
_9181495
245 0 _aTaruf ustanjah urdu
260 _aDelhi
_bMaktaba Shahrah India
_c1968
650 _aHIGHER EDUCATION
942 _hT4w2,N4, 168K8
_cTEXL
_2CC
999 _c402120
_d402120